| 000 | 00677nam a2200181 a 4500 | ||
|---|---|---|---|
| 008 | 170426s2014 ||||||||||||||||| || u | ||
| 020 | _a9781455743278 | ||
| 050 | _aRD 571 Bos | ||
| 100 | _aBostwick, David G | ||
| 245 | 1 | 0 |
_aUrologic surgical pathology _cBy David G. Bostwick and Liang Cheng |
| 250 | _a3rd ed. | ||
| 260 |
_aPhiladelphia: _bElsevier Saunders _c2014 |
||
| 300 | _aix, 966p.: ill. | ||
| 350 | _a320.00 | ||
| 650 | _aUROLOGIC DISEASES--PATHOLOGY | ||
| 700 | _aCheng, Liang | ||
| 995 |
_aMEDICAL LIBRARY OPEN ACCESS _e903902 _FCBU-SCHOOL OF MEDICINE LIBRARY (Ndola) _I320.00 _jRD 571 Bos _M1 _UAVAILABLE _WApr 26, 2017 _y903902 _ZMedical Library Open Access Collection |
||
| 999 |
_c32959 _d32959 |
||